| 000 | 00452nam a2200169 a 4500 | ||
|---|---|---|---|
| 005 | 20140412111238.0 | ||
| 008 | 001118s19uu xx 00 eng d | ||
| 020 | _a0-15-770048-8 | ||
| 050 |
_aM 707 _bH861 1987 |
||
| 100 | _aHubbard, Guy | ||
| 245 |
_aArt in action / _cGuy Hubbard. |
||
| 260 |
_aSan Diego : _bCoronado Pub, _c1987. |
||
| 300 | _a149 p.; col. | ||
| 650 |
_aArt _xJuvenile literature |
||
| 650 | _aArt appreciation | ||
| 999 |
_c102572 _d102572 |
||